[Event "Padova del Santo op-A 6th"]
[Site "Padova"]
[Date "2019.02.17"]
[Round "5.6"]
[White "Sonis, Luca"]
[Black "Sinato, Fabrizio"]
[Result "1-0"]
[WhiteElo "1881"]
[BlackElo "1868"]
[PlyCount "73"]
[EventDate "2019.02.15"]
[EventType "swiss"]
[EventRounds "5"]
[EventCountry "ITA"]
[SourceTitle "EXT 2024"]
[Source "ChessBase"]
[SourceDate "2023.10.10"]
[SourceVersion "1"]
[SourceVersionDate "2023.10.10"]
[SourceQuality "1"]

1. e4 c5 2. Nf3 d6 3. d4 cxd4 4. Nxd4 Nf6 5. Nc3 a6 6. Bc4 e6 7. 0-0 Be7 8. f4 0-0 9. f5 d5 10. exd5 exd5 11. Bb3 Bc5 12. Kh1 Nc6 13. Nxc6 bxc6 14. Bg5 Bb7 15. Qf3 Re8 16. Rae1 Qd6 17. Bf4 Qd7 18. Be5 Kh8 19. Qf4 d4 20. Na4 Ba7 21. Qg5 Rxe5 22. Rxe5 h6 23. Qh4 c5 24. Nxc5 Qd6 25. Nd3 Qc6 26. Re2 Re8 27. Rxe8+ Nxe8 28. Rf2 f6 29. Qh5 Nd6 30. Re2 a5 31. a4 Bb8 32. Nf4 d3 33. Ng6+ Kh7 34. Nf8+ Kh8 35. Qg6 Qxg2+ 36. Rxg2 Bxg2+ 37. Kxg2 1-0

[Event "Padova del Santo op-A 6th"]
[Site "Padova"]
[Date "2019.02.16"]
[Round "3.8"]
[White "Sinato, Fabrizio"]
[Black "Litrico, Paolo"]
[Result "1/2-1/2"]
[WhiteElo "1868"]
[BlackElo "1883"]
[PlyCount "105"]
[EventDate "2019.02.15"]
[EventType "swiss"]
[EventRounds "5"]
[EventCountry "ITA"]
[SourceTitle "EXT 2024"]
[Source "ChessBase"]
[SourceDate "2023.10.10"]
[SourceVersion "1"]
[SourceVersionDate "2023.10.10"]
[SourceQuality "1"]

1. e4 e5 2. Nf3 Nc6 3. Bb5 a6 4. Ba4 Nf6 5. 0-0 Nxe4 6. d4 b5 7. Bb3 d5 8. Nxe5 Nxe5 9. dxe5 Be6 10. c3 Bc5 11. Nd2 Bf5 12. Nxe4 Bxe4 13. Qg4 Qd7 14. Qg3 0-0 15. Bh6 Bg6 16. Be3 Bxe3 17. Qxe3 Rfe8 18. Rfe1 Re7 19. Rad1 c6 20. f4 Rae8 21. Qf2 Qa7 22. Rd4 Be4 23. Bc2 Bxc2 24. Qxc2 f6 25. Qf5 fxe5 26. Rxe5 Rxe5 27. fxe5 Qf7 28. Rf4 Qxf5 29. Rxf5 Re6 30. Kf2 g6 31. Rf3 Rxe5 32. g4 Kg7 33. h3 h6 34. Rf4 Re7 35. Rd4 Kf6 36. b3 g5 37. Rd3 Re4 38. b4 Ke7 39. a3 Kd6 40. Rf3 Ke5 41. Rf5+ Kd6 42. Rf6+ Re6 43. Rf3 c5 44. Rf8 cxb4 45. axb4 Ke5 46. Ke3 Kd6+ 47. Kd3 Ke7 48. Rf5 Kd6 49. Rf8 Kc6 50. Rc8+ Kd7 51. Rf8 Kc7 52. Kd4 Kd7 53. Rf3 1/2-1/2

[Event "Padova op-B 15th"]
[Site "Padova"]
[Date "2012.12.15"]
[Round "1"]
[White "Licandro, Michele"]
[Black "Sinato, Fabrizio"]
[Result "0-1"]
[WhiteElo "1572"]
[BlackElo "1862"]
[PlyCount "88"]
[EventDate "2012.12.15"]
[EventType "swiss"]
[EventRounds "6"]
[EventCountry "ITA"]
[SourceTitle "EXT 2015"]
[Source "ChessBase"]
[SourceDate "2014.11.20"]
[SourceVersion "1"]
[SourceVersionDate "2014.11.20"]
[SourceQuality "1"]

1. d4 Nf6 2. Bf4 d5 3. e3 e6 4. Bd3 Be7 5. Nf3 Nbd7 6. Nbd2 b6 7. e4 dxe4 8. Nxe4 Bb7 9. Qe2 0-0 10. c3 c5 11. dxc5 Bxe4 12. Bxe4 Nxe4 13. Qxe4 Nxc5 14. Qe3 Nd3+ 15. Ke2 Nxb2 16. Rab1 Nc4 17. Qe4 Qc8 18. Ng5 Bxg5 19. Bxg5 Qa6 20. Kf3 Rac8 21. Rhd1 h6 22. Be7 Rfe8 23. Bb4 f5 24. Qf4 Qb7+ 25. Ke2 a5 26. Bd6 Qxg2 27. Rg1 Qc6 28. Rbd1 Nxd6 29. Rxd6 Qb5+ 30. Rd3 Rxc3 31. Qd4 Qxd3+ 32. Qxd3 Rxd3 33. Kxd3 Rc8 34. Rb1 Rc6 35. f4 g5 36. Rg1 g4 37. Rg2 Kg7 38. Kd4 Kf6 39. a4 h5 40. Re2 h4 41. Rb2 h3 42. Re2 Rc1 43. Ra2 Ke7 44. Ke5 Rc4 0-1

[Event "PD-RO Province-ch"]
[Site "Monselice"]
[Date "2008.01.12"]
[Round "2"]
[White "Sinato, Fabrizio"]
[Black "Chinello, Gianmarco"]
[Result "1/2-1/2"]
[WhiteElo "1854"]
[BlackElo "2044"]
[PlyCount "91"]
[EventDate "2008.01.11"]
[EventType "swiss"]
[EventRounds "5"]
[EventCountry "ITA"]
[SourceTitle "EXT 2010"]
[Source "ChessBase"]
[SourceDate "2010.11.25"]
[SourceVersion "1"]
[SourceVersionDate "2010.11.25"]
[SourceQuality "1"]

1. e4 e5 2. Nf3 Nc6 3. Bb5 f5 4. d4 exd4 5. 0-0 fxe4 6. Nxd4 Nf6 7. Bg5 Be7 8. Nc3 Nxd4 9. Qxd4 c6 10. Ba4 b5 11. Bb3 d5 12. Qe5 Qd6 13. Bxf6 Qxf6 14. Qh5+ g6 15. Qe2 a5 16. a3 Ba6 17. Qd2 b4 18. Ne2 Qxb2 19. Rfb1 Qf6 20. axb4 Bxb4 21. c3 Bxe2 22. cxb4 Bd3 23. Re1 0-0 24. bxa5 Rab8 25. Ra3 Rf7 26. h3 Rbf8 27. a6 Qxf2+ 28. Qxf2 Rxf2 29. a7 Rb2 30. a8Q Rxa8 31. Rxa8+ Kg7 32. Ba2 d4 33. Ra7+ Kh6 34. h4 e3 35. Bg8 g5 36. hxg5+ Kxg5 37. Bxh7 Bxh7 38. Rxh7 d3 39. Rxe3 d2 40. Rd3 Rb1+ 41. Kf2 d1Q 42. Rxd1 Rxd1 43. Ke2 Rd6 44. Kf3 Re6 45. Rf7 Kg6 46. Rf8 1/2-1/2

[Event "Campodarsego op 17th"]
[Site "Campodarsego"]
[Date "2006.01.21"]
[Round "2"]
[White "Bonafede, Alessandro"]
[Black "Sinato, Fabrizio"]
[Result "1-0"]
[WhiteElo "2115"]
[BlackElo "1942"]
[PlyCount "49"]
[EventDate "2006.01.20"]
[EventType "swiss"]
[EventRounds "5"]
[EventCountry "ITA"]
[SourceTitle "EXT 2007"]
[Source "ChessBase"]
[SourceDate "2006.11.23"]
[SourceVersion "1"]
[SourceVersionDate "2006.11.23"]
[SourceQuality "1"]

1. e4 c5 2. Nf3 d6 3. d4 cxd4 4. Nxd4 Nf6 5. Nc3 a6 6. Bg5 e6 7. f4 Be7 8. Qf3 Qc7 9. 0-0-0 b5 10. Bxf6 gxf6 11. e5 Bb7 12. Qh5 b4 13. Nxe6 Qa5 14. Ng7+ Kf8 15. Bc4 d5 16. Nxd5 Qc5 17. exf6 Nc6 18. fxe7+ Nxe7 19. Nxe7 Qxc4 20. Ngf5 Qxa2 21. Qh6+ Ke8 22. Nd6+ Kxe7 23. Rhe1+ Kd7 24. Nxb7+ Kc7 25. Re7+ 1-0

[Event "Padova Weekend op-B 8th"]
[Site "Padova"]
[Date "2005.12.17"]
[Round "4.6"]
[White "Omeri, Silvan"]
[Black "Sinato, Fabrizio"]
[Result "1-0"]
[WhiteElo "2128"]
[BlackElo "1942"]
[PlyCount "75"]
[EventDate "2005.12.10"]
[EventType "swiss"]
[EventRounds "6"]
[EventCountry "ITA"]
[SourceTitle "EXT 2024"]
[Source "ChessBase"]
[SourceDate "2023.10.10"]
[SourceVersion "1"]
[SourceVersionDate "2023.10.10"]
[SourceQuality "1"]

1. e4 c5 2. Nf3 d6 3. d4 cxd4 4. Nxd4 Nf6 5. Nc3 a6 6. Bd3 e5 7. Nb3 b5 8. Bg5 Be7 9. Bxf6 Bxf6 10. a4 b4 11. Nd5 a5 12. Bb5+ Kf8 13. 0-0 Nd7 14. Qd3 Bb7 15. Bxd7 Qxd7 16. Nb6 Qd8 17. Nxa8 Bxa8 18. f3 Be7 19. Qb5 h5 20. Nxa5 Qc8 21. Rac1 g5 22. c3 g4 23. cxb4 Qe6 24. Qc4 Qg6 25. Nc6 Bg5 26. Rc2 Bf4 27. b5 Qg5 28. g3 gxf3 29. Rxf3 h4 30. Rg2 hxg3 31. hxg3 Qh5 32. Kf2 Rg8 33. Qd5 Rg6 34. Rxf4 Re6 35. Qxe6 exf4 36. Qc8+ Kg7 37. gxf4+ Kf6 38. e5+ 1-0

[Event "Padova Weekend op-B 8th"]
[Site "Padova"]
[Date "2005.12.11"]
[Round "3.8"]
[White "Sinato, Fabrizio"]
[Black "Gennari, Leone"]
[Result "1/2-1/2"]
[WhiteElo "1942"]
[BlackElo "2038"]
[PlyCount "42"]
[EventDate "2005.12.10"]
[EventType "swiss"]
[EventRounds "6"]
[EventCountry "ITA"]
[SourceTitle "EXT 2024"]
[Source "ChessBase"]
[SourceDate "2023.10.10"]
[SourceVersion "1"]
[SourceVersionDate "2023.10.10"]
[SourceQuality "1"]

1. e4 e6 2. d4 d5 3. exd5 exd5 4. Nf3 Bd6 5. Bd3 Ne7 6. Bg5 f6 7. Bh4 Bf5 8. 0-0 0-0 9. Nc3 c6 10. Bg3 Bxd3 11. Qxd3 Bxg3 12. hxg3 Ng6 13. Rfe1 Na6 14. Ne2 Qd7 15. Nh4 Nxh4 16. gxh4 Rae8 17. Ng3 g6 18. h5 Kg7 19. Qf3 Rxe1+ 20. Rxe1 Re8 21. Re2 Nc7 1/2-1/2

[Event "Padova op-A 5th"]
[Site "Padova"]
[Date "2002.12.21"]
[Round "4.30"]
[White "Sinato, Fabrizio"]
[Black "De Nard, Stefano"]
[Result "1-0"]
[WhiteElo "1818"]
[BlackElo "1398"]
[PlyCount "47"]
[EventDate "2002.12.14"]
[EventType "swiss"]
[EventRounds "6"]
[EventCountry "ITA"]
[SourceTitle "EXT 2023"]
[Source "ChessBase"]
[SourceDate "2022.10.05"]
[SourceVersion "1"]
[SourceVersionDate "2022.10.05"]
[SourceQuality "1"]

1. e4 c5 2. Nf3 Nc6 3. d4 cxd4 4. Nxd4 g6 5. Bc4 Bg7 6. c3 Nf6 7. Qe2 0-0 8. 0-0 Nxd4 9. cxd4 d5 10. exd5 Nxd5 11. Nc3 Nb6 12. Bb3 e6 13. Rd1 Qh4 14. Ne4 Nd5 15. Bg5 Nf4 16. Qf3 Qh5 17. Bxf4 Qxf3 18. gxf3 Bd7 19. Be5 f6 20. Bd6 Rfd8 21. Nc5 Bc6 22. Bc7 Re8 23. Nxe6 Bxf3 24. Ng5+ 1-0

[Event "Padova op 4th"]
[Site "Padova"]
[Date "2001.12.23"]
[Round "6"]
[White "Sinato, Fabrizio"]
[Black "Sartori, Spartaco"]
[Result "0-1"]
[WhiteElo "1728"]
[BlackElo "2250"]
[PlyCount "90"]
[EventDate "2001.12.15"]
[EventType "swiss"]
[EventRounds "6"]
[EventCountry "ITA"]
[SourceTitle "EXT 2024"]
[Source "ChessBase"]
[SourceDate "2023.10.10"]
[SourceVersion "1"]
[SourceVersionDate "2023.10.10"]
[SourceQuality "1"]

1. e4 e6 2. d3 d5 3. Nd2 Nf6 4. e5 Nfd7 5. Ngf3 c5 6. g3 Nc6 7. Qe2 Qc7 8. Bg2 Ndxe5 9. 0-0 Be7 10. Re1 Nxf3+ 11. Nxf3 0-0 12. c3 b6 13. Bf4 Bd6 14. Bxd6 Qxd6 15. Rad1 a5 16. d4 Ba6 17. Qc2 cxd4 18. Nxd4 Nxd4 19. Rxd4 Rac8 20. b3 Rc5 21. Rh4 h6 22. Qd2 Rfc8 23. c4 Bb7 24. Rd1 Qc7 25. Rg4 f5 26. Rh4 dxc4 27. Bxb7 Qxb7 28. Rd4 cxb3 29. axb3 Qf3 30. Rd3 Qe4 31. Rd8+ Kh7 32. Rxc8 Rxc8 33. Qd6 Qf3 34. Rb1 Rc6 35. Qd7 Qd5 36. Qe8 Qf3 37. h4 Rc2 38. Rf1 f4 39. Qf7 Qg4 40. h5 fxg3 41. f4 Qf5 42. Qxf5+ exf5 43. Rf3 Rf2 44. Rxg3 Rxf4 45. Kg2 Rg4 0-1

[Event "Padova op 4th"]
[Site "Padova"]
[Date "2001.12.22"]
[Round "4"]
[White "Dervishi, Erald"]
[Black "Sinato, Fabrizio"]
[Result "1-0"]
[WhiteElo "2501"]
[BlackElo "1728"]
[PlyCount "59"]
[EventDate "2001.12.15"]
[EventType "swiss"]
[EventRounds "6"]
[EventCountry "ITA"]
[SourceTitle "EXT 2024"]
[Source "ChessBase"]
[SourceDate "2023.10.10"]
[SourceVersion "1"]
[SourceVersionDate "2023.10.10"]
[SourceQuality "1"]

1. e4 c5 2. Nf3 d6 3. d4 cxd4 4. Nxd4 Nf6 5. Nc3 a6 6. Be2 e5 7. Nb3 Be6 8. 0-0 Nbd7 9. a4 Be7 10. Kh1 0-0 11. Be3 Rc8 12. f3 Rc6 13. Rf2 Nh5 14. Bf1 Bg5 15. Bxg5 Qxg5 16. Qd2 Qh4 17. Kg1 f5 18. Na5 Rb6 19. Bc4 Bxc4 20. Nxc4 Rc6 21. Nxd6 g6 22. Qd5+ Kg7 23. Nxb7 Rc7 24. Nc5 Kh6 25. Ne6 Ndf6 26. Qd2+ f4 27. Nxc7 Ng3 28. hxg3 Qxg3 29. Ne2 Qh4 30. g3 1-0

[Event "Padova op 4th"]
[Site "Padova"]
[Date "2001.12.16"]
[Round "3"]
[White "Sinato, Fabrizio"]
[Black "Giacomini, Massimo"]
[Result "1-0"]
[WhiteElo "1728"]
[BlackElo "1884"]
[PlyCount "61"]
[EventDate "2001.12.15"]
[EventType "swiss"]
[EventRounds "6"]
[EventCountry "ITA"]
[SourceTitle "EXT 2024"]
[Source "ChessBase"]
[SourceDate "2023.10.10"]
[SourceVersion "1"]
[SourceVersionDate "2023.10.10"]
[SourceQuality "1"]

1. e4 c6 2. d4 d5 3. Nc3 dxe4 4. Nxe4 Nd7 5. Nf3 Ngf6 6. Bd3 Nxe4 7. Bxe4 Nf6 8. Qd3 g6 9. Bf4 Bg7 10. Be5 0-0 11. 0-0-0 Nxe4 12. Qxe4 Bf5 13. Qe3 f6 14. Bf4 g5 15. Bg3 Qd5 16. Qxe7 Qc4 17. Qc5 Qxa2 18. Qxf5 Qa1+ 19. Kd2 Qxb2 20. Rb1 Qa3 21. Rxb7 Rad8 22. Rhb1 Rfe8 23. R1b3 Qa6 24. Qd3 Qa5+ 25. c3 g4 26. Bf4 gxf3 27. Rxg7+ Kf8 28. Rf7+ Kxf7 29. Rb7+ Re7 30. Qxh7+ Ke6 31. Rxe7+ 1-0

[Event "Padova op-B 3rd"]
[Site "Padova"]
[Date "2000.12.03"]
[Round "2.9"]
[White "Sinato, Fabrizio"]
[Black "Pavon, Michele"]
[Result "1-0"]
[WhiteElo "1749"]
[BlackElo "1603"]
[PlyCount "55"]
[EventDate "2000.12.02"]
[EventType "swiss"]
[EventRounds "6"]
[EventCountry "ITA"]
[SourceTitle "EXT 2024"]
[Source "ChessBase"]
[SourceDate "2023.10.10"]
[SourceVersion "1"]
[SourceVersionDate "2023.10.10"]
[SourceQuality "1"]

1. e4 c5 2. Nf3 d6 3. d4 cxd4 4. Nxd4 Nf6 5. Nc3 a6 6. Bc4 e6 7. Bb3 Nbd7 8. 0-0 Nc5 9. Bg5 Be7 10. Bxf6 Bxf6 11. Kh1 0-0 12. f4 b5 13. f5 Nxb3 14. axb3 Qb6 15. Ndxb5 Rd8 16. Na3 Bb7 17. fxe6 fxe6 18. Qg4 Kf7 19. Nc4 Qc7 20. Rae1 e5 21. Ne3 Rac8 22. Ncd5 Bxd5 23. Nxd5 Qxc2 24. Qg5 Ke6 25. Rxf6+ gxf6 26. Qxf6+ Kd7 27. Qe7+ Kc6 28. Nb4+ 1-0

[Event "Padua Province-ch"]
[Site "Italy"]
[Date "2000.??.??"]
[Round "?"]
[White "Di Giacomo, Antonio"]
[Black "Sinato, Fabrizio"]
[Result "0-1"]
[WhiteElo "1666"]
[BlackElo "1740"]
[PlyCount "128"]
[EventDate "2000.??.??"]
[EventType "swiss"]
[EventRounds "6"]
[EventCountry "ITA"]
[SourceTitle "EXT 2024"]
[Source "ChessBase"]
[SourceDate "2023.10.10"]
[SourceVersion "1"]
[SourceVersionDate "2023.10.10"]
[SourceQuality "1"]

1. d4 d5 2. Nf3 e6 3. e3 Nf6 4. Bd3 c5 5. c3 Nc6 6. Nbd2 cxd4 7. cxd4 Be7 8. 0-0 0-0 9. Re1 b6 10. e4 Nb4 11. Bb1 dxe4 12. Nxe4 Nbd5 13. Nxf6+ Nxf6 14. Qd3 h6 15. Ne5 Qd5 16. Ng4 Qf5 17. Nxh6+ gxh6 18. Qxf5 exf5 19. Rxe7 Be6 20. Bf4 Nd5 21. Rxe6 fxe6 22. Bxh6 Rfc8 23. Bd3 Kf7 24. g3 Rc7 25. a3 Rd8 26. h4 Nf6 27. Be3 Nd5 28. Bg5 Ne7 29. Be3 e5 30. Be2 exd4 31. Rd1 Rcd7 32. Bb5 Rd5 33. Bc4 dxe3 34. fxe3 Kf6 35. Bxd5 Rxd5 36. Rc1 Rc5 37. Rd1 Ke6 38. Kf2 Rc2+ 39. Kf3 Nd5 40. Rh1 Ke5 41. g4 fxg4+ 42. Kxg4 Nxe3+ 43. Kf3 Nf5 44. h5 Rc6 45. Kg4 Nh6+ 46. Kg5 Nf7+ 47. Kg4 Rc4+ 48. Kf3 Nh6 49. Rg1 Rf4+ 50. Ke3 Nf5+ 51. Kd3 Rh4 52. Rc1 Rxh5 53. Rc7 Rh3+ 54. Kd2 a6 55. Ra7 a5 56. Rb7 Rh6 57. Kc3 Kd5 58. Kb3 Kc6 59. Rb8 Rh3+ 60. Ka4 Nd6 61. b4 b5+ 62. Rxb5 Nxb5 63. bxa5 Rxa3+ 64. Kb4 Ra1 0-1

[Event "Padova op-A 1st"]
[Site "Padova"]
[Date "1998.12.13"]
[Round "2.9"]
[White "Sinato, Fabrizio"]
[Black "Di Giacomo, Antonio"]
[Result "1-0"]
[WhiteElo "1710"]
[BlackElo "1552"]
[PlyCount "55"]
[EventDate "1998.12.12"]
[EventType "swiss"]
[EventRounds "6"]
[EventCountry "ITA"]
[SourceTitle "EXT 2023"]
[Source "ChessBase"]
[SourceDate "2022.10.05"]
[SourceVersion "1"]
[SourceVersionDate "2022.10.05"]
[SourceQuality "1"]

1. e4 e5 2. Nf3 d6 3. d4 Nd7 4. Bc4 c6 5. dxe5 dxe5 6. 0-0 Be7 7. c3 Ngf6 8. Bxf7+ Kxf7 9. Qb3+ Kf8 10. Ng5 Qe8 11. Ne6+ Kg8 12. Ng5+ Kf8 13. Ne6+ Kg8 14. Nc7+ Qf7 15. Nxa8 Nc5 16. Qc2 h6 17. b4 Na6 18. f4 Bd6 19. fxe5 Bxe5 20. Bf4 Qe7 21. Nd2 Kh7 22. Bxe5 Qxe5 23. Rae1 Kg8 24. Nf3 Qb8 25. e5 Nd5 26. e6 Qxa8 27. Qg6 Nf6 28. Nd4 1-0

[Event "Padova Province-chT 58th"]
[Site "Padova"]
[Date "1998.01.18"]
[Round "5"]
[White "Luisetto, Alessandro"]
[Black "Sinato, Fabrizio"]
[Result "1-0"]
[WhiteElo "1789"]
[BlackElo "1719"]
[PlyCount "93"]
[EventDate "1998.01.10"]
[EventType "swiss"]
[EventRounds "6"]
[EventCountry "ITA"]
[SourceTitle "EXT 2022"]
[Source "ChessBase"]
[SourceDate "2021.10.06"]
[SourceVersion "1"]
[SourceVersionDate "2021.10.06"]
[SourceQuality "1"]

1. e4 c5 2. Nf3 d6 3. d4 cxd4 4. Nxd4 Nf6 5. Nc3 a6 6. Be2 e5 7. Nf3 Be7 8. h3 0-0 9. 0-0 b5 10. a3 Bb7 11. Bd3 Nbd7 12. Be3 Qc7 13. Bg5 h6 14. Bh4 g5 15. Bg3 Nc5 16. Re1 Rfe8 17. Nh2 Nxd3 18. cxd3 Rad8 19. Rc1 Qd7 20. Qf3 Qe6 21. Nf1 g4 22. hxg4 Nxg4 23. Ne3 Nxe3 24. fxe3 Bg5 25. Rc2 d5 26. exd5 Bxd5 27. Nxd5 Qxd5 28. Qxd5 Rxd5 29. Rc3 Red8 30. Kf2 Kg7 31. Rd1 f5 32. Ke2 a5 33. Rc7+ Kg6 34. Be1 a4 35. Bc3 Kh5 36. d4 Kg4 37. Rf1 e4 38. Rf7 R8d7 39. Rxd7 Rxd7 40. Rd1 Rd5 41. Be1 Be7 42. Rc1 f4 43. Rc6 Rh5 44. exf4 Rh2 45. Rg6+ Kf5 46. Rg8 h5 47. Bd2 1-0